| 000 | 01021nam a2200313 a 4500 | ||
|---|---|---|---|
| 008 | |||
| 020 | _a0750303131 (set) | ||
| 020 | _a0750307986 (v. 1) | ||
| 020 | _a0750307994 (v. 2) | ||
| 020 | _a0750308001 (v. 3) | ||
| 049 | _aMAIN | ||
| 090 |
_aREF QD451 _bENC |
||
| 245 | 0 | 0 |
_aEncyclopedia of chemical physics and physical chemistry / _cedited by John H. Moore and Nicholas D. Spencer. |
| 246 | 3 | 0 | _aChemical physics and physical chemistry. |
| 260 |
_aBristol : _bInstitute of Physics Pub., _cc2001. |
||
| 300 |
_a3 v. : _bill. ; _c26 cm. |
||
| 500 | _aIn slip case. | ||
| 504 | _aIncludes bibliographical references. | ||
| 500 | _aIncludes index. | ||
| 650 | 0 |
_aChemistry, Physical and theoretical _vEncyclopedias. |
|
| 650 | 0 |
_aPhysics _vEncyclopedias. |
|
| 700 | 1 | _aSpencer, Nicholas D. | |
| 700 | 1 | _aMoore, John H. | |
| 907 |
_a.b10130512 _b21-09-12 _c12-07-04 |
||
| 003 | |||
| 005 | 20230120191411.0 | ||
| 040 | _cNUST | ||
| 942 |
_cBOOKS _kREF QD451 _mENC |
||
| 999 |
_c100459 _d100459 |
||